История, статистика, литература писчебумажнаго производства. Водяные знаки (филигрань). Будущее писчебумажнаго производства: с многими рисунками в тексте

التفاصيل البيبلوغرافية
المؤلف الرئيسي: Мельников Н. П.
مؤلفون آخرون: Мельников П. Н.
الملخص:Дозволено цензурою. С.-Петербург, 6 марта 1906 г.
Текст в русской дореформенной орфографии
اللغة:الروسية
منشور في: Санкт-Петербург, Типография П. П. Сойкина, 1906
الموضوعات:
التنسيق: كتاب
KOHA link:https://koha.lib.tpu.ru/cgi-bin/koha/opac-detail.pl?biblionumber=674041

MARC

LEADER 00000nam0a2200000 4500
001 674041
005 20241008104708.0
090 |a 674041 
100 |a 20240812d1906 m||y0rusy50 ca 
101 0 |a rus 
102 |a RU 
105 |a a z 000yy 
181 0 |a i   |b  e  
182 0 |a n 
183 0 |a nc  |2 RDAcarrier 
200 1 |a История, статистика, литература писчебумажнаго производства. Водяные знаки (филигрань). Будущее писчебумажнаго производства  |e с многими рисунками в тексте  |f Н. П. Мельников и П. Н. Мельников 
203 |a Текст  |b визуальный  |c непосредственный 
210 |a Санкт-Петербург  |c Типография П. П. Сойкина  |d 1906 
215 |a 208, II с.  |c ил. 
283 |a volume  |2 RDAcarrier 
300 |a Дозволено цензурою. С.-Петербург, 6 марта 1906 г. 
300 |a Текст в русской дореформенной орфографии  
316 |a На титульном листе надпись: "Сч. Макушина 10/X 1906" 
320 |a Библиография в ссылках 
320 |a Постраничные примечания 
518 1 |a История, статистика, литература писчебумажного производства. Водяные знаки (филигрань). Будущее писчебумажного производства  |z rus 
600 1 |a Федоров  |b И.  |c основатель книгопечатания в России и на Украине  |c пушечный мастер  |f около 1510-1583  |g Иван  |9 3691 
600 1 |a Гутенберг  |b И.  |c немецкий изобретатель книгопечатания  |f около 1399-1468  |g Иоганн  |9 485 
606 1 |a Бумага  |x Производство  |9 53333 
610 1 |a Россия 
610 1 |a Российская империя 
610 1 |a писчебумажное производство 
610 1 |a бумажное производство 
610 1 |a бумага 
610 1 |a Китай 
610 1 |a Япония 
610 1 |a Европа 
610 1 |a папирус 
610 1 |a пергамент 
610 1 |a ручное черпание 
610 1 |a тряпье 
610 1 |a бумажные мельницы 
610 1 |a писчая бумага 
610 1 |a торговля 
610 1 |a бумажные заводы 
610 1 |a бумажные фабрики 
610 1 |a целлюлозное производство  
610 1 |a акцизы 
610 1 |a польская филигрань 
610 1 |a русская филигрань 
610 1 |a изобретения 
610 1 |a книгопечатание 
610 1 |a библиография 
610 1 |a сохранность 
610 1 |a вредители 
610 1 |a исследования 
675 |a 676.2  |v 4 
700 1 |a Мельников  |b Н. П. 
701 1 |a Мельников  |b П. Н. 
801 0 |a RU  |b 63413507  |c 20240812 
830 |a Ретро2024Каталогизация 
850 |a 63413507 
942 |c BK